30 personnages de la série Outer Banks - Statistiques

Statistiques générales
  • Ce quiz a été pris 18 087 fois
  • Le résultat moyen est 15 sur 29
Statistiques - réponses
nombre réponse % Correct
.25 Big John
98%
.2 JJ
98%
.5 Sara
98%
.1 John B
96%
.3 Kiara
96%
.4 Pope
94%
.6 Rafe
86%
.7 Topper
80%
.19 Cleo
77%
.9 Rose
74%
.8 Ward Cameron
67%
.10 Wheezie
63%
.13 Sheriff Peterkin
59%
.12 Barry
48%
.15 Adjoint Shoupe
46%
.24 Luke
44%
.14 Heyward
40%
.27 Clara Limbrey
35%
.26 Anna Carrera
24%
.18 Capitaine Terrence
24%
.28 Denmark Tanny
20%
.16 Adjoint Thomas
17%
.22 Renfield
17%
.11 Kelcie
16%
.21 Cruz
15%
.20 Lana Grubbs
15%
.17 Adjoint Plumb
13%
.23 Agent Bratcher
12%
.29 Scooter Grubbs
10%
Aucun quiz correspondant
Distribution des résultats
% des personnes avec chaque résultat
Percentile par nombre de réponses
Votre historique - résultats
Vous n’avez pas pris ce quiz